<?xml version="1.0" encoding="UTF-8"?>
<collection xmlns="http://www.loc.gov/MARC21/slim">
 <record>
  <leader>00570pamaa2200169   4500</leader>
  <controlfield tag="001">0000001591</controlfield>
  <controlfield tag="005">20110223090000.0</controlfield>
  <datafield tag="020" ind1="0" ind2="0">
   <subfield code="a">053495099X </subfield>
  </datafield>
  <datafield tag="082" ind1=" " ind2=" ">
   <subfield code="a">621.392 ROT 1998</subfield>
  </datafield>
  <datafield tag="090" ind1="0" ind2="0">
   <subfield code="a">TK7888.4 </subfield>
   <subfield code="b">ROT 1998</subfield>
  </datafield>
  <datafield tag="100" ind1="1" ind2="0">
   <subfield code="a">Roth </subfield>
  </datafield>
  <datafield tag="245" ind1="1" ind2="0">
   <subfield code="a">Digital systems design using VHDL  </subfield>
   <subfield code="c">Charles H. Roth.</subfield>
  </datafield>
  <datafield tag="260" ind1="0" ind2="0">
   <subfield code="a">Boston: </subfield>
   <subfield code="b">PWS Pub.,, </subfield>
   <subfield code="c">1998.</subfield>
  </datafield>
  <datafield tag="300" ind1=" " ind2=" ">
   <subfield code="a">x, 470p.: </subfield>
   <subfield code="b">ill.; </subfield>
   <subfield code="c">24cm.</subfield>
  </datafield>
  <datafield tag="650" ind1="0" ind2="0">
   <subfield code="a">Electronic digital computers -- </subfield>
   <subfield code="x">Circuits -- </subfield>
   <subfield code="x">Design and construction -- </subfield>
   <subfield code="x">Data processing </subfield>
  </datafield>
  <datafield tag="650" ind1="0" ind2="0">
   <subfield code="a">VHDL (Hardware description language) </subfield>
  </datafield>
  <datafield tag="650" ind1="0" ind2="0">
   <subfield code="a">System design -- </subfield>
   <subfield code="x">Data processing </subfield>
  </datafield>
 </record>
</collection>
